|
|
|
|
| LEADER |
00000cam a2200000 a 4500 |
| 001 |
UCE8412 |
| 003 |
CL-VaPUC |
| 005 |
20240425101852.0 |
| 008 |
150731e20140000ne |||||||||||||||||spa|d |
| 999 |
|
|
|c 360282
|d 360280
|
| 020 |
|
|
|a 9789089984593
|
| 040 |
|
|
|c Pontificia Universidad Católica de Valparaíso
|
| 082 |
0 |
4 |
|a 759.5
|b SUH
|2 21
|
| 100 |
0 |
|
|a Suh, H. Anna
|e author
|9 581138
|
| 245 |
1 |
0 |
|a Leonardo da Vinci: cuadernos
|
| 250 |
|
|
|a 1a. ed
|
| 260 |
|
|
|a Amsterdam
|b Librero
|c 2014
|
| 300 |
|
|
|a 448 p
|
| 583 |
|
|
|a last modification
|c 20150806 11:05:19
|k Rodrigo Vera
|
| 600 |
|
0 |
|a Da Vinci, Leonardo
|d 1452-1519
|9 561227
|
| 650 |
|
0 |
|a Pintores italianos
|9 265277
|
| 650 |
|
0 |
|a Pintura italiana
|9 265293
|
| 650 |
|
0 |
|a Renacimiento
|9 255107
|
| 650 |
|
7 |
|a ESCULTURA ITALIANA
|2 CL-VaPUC
|9 329274
|
| 650 |
|
7 |
|a OBRAS COMPLETAS
|2 CL-VaPUC
|9 267550
|
| 942 |
|
|
|c BK
|2 ddc
|
| 945 |
|
|
|d 20150731 12:25:00
|a gsalatino
|
| 952 |
|
|
|0 0
|1 0
|3 erd
|4 0
|6 759_500000000000000_SUH_2014
|7 0
|8 R
|9 469999
|a BIBART
|b BIBART
|i 5192501
|o 759.5 SUH 2014
|p 5192501
|r 2025-03-13
|w 2019-11-23
|y BK_R
|z Catalogado en:20150731
|k ART
|